00314 a2200109 4500001001000000005001700010008004100027245002300068100002100091773007500112999001700187ART_5267420260410161822.0260409a 10aAcuerdo conclusivo1 aVega, Gerardo E.0 tDoctrina Penal Tributaria y Económicag- N° 60 (jun. 2021)wREV4317 c22483d22483